| 000 | 00473nam a22001817a 4500 | ||
|---|---|---|---|
| 003 | CEME | ||
| 005 | 20210628203020.0 | ||
| 008 | 210128b xxu||||| |||| 00| 0 eng d | ||
| 020 | _a9780753820254 | ||
| 040 | _c. | ||
| 082 | _a863.64 ZAF | ||
| 100 |
_aZafon, Carlos Ruiz _962867 |
||
| 245 | _aThe shadow of the wind | ||
| 260 |
_aGREAT BRITAIN _bPHOENIX _c2002 |
||
| 300 | _a510P | ||
| 650 |
_aTHE SHADOW OF THE WIND. BARCELONA-SPAIN-FICTION _962868 |
||
| 942 |
_cBK _2ddc |
||
| 999 |
_c571833 _d571833 |
||